Os 20 países mais pobres do mundo - Statistics

Estatísticas Gerais
  • Esse quiz foi jogado 363 vezes
  • A pontuação média é 11 de 20
Estatísticas das Respostas
PIB per capita País % Correto
1670 dólares Sudão do sul
74%
818 dólares Burundi
70%
1271 dólares Guiné
69%
1113 dólares Nigéria
68%
1321 dólares Eritreia
67%
1784 dólares Haiti
67%
1651 dólares Serra leoa
66%
1568 dólares Guiné Bissau
64%
1545 dólares Togo
63%
1905 dólares Uganda
63%
1664 dólares Gâmbia
62%
1228 dólares Moçambique
61%
882 dólares Libéria
59%
1139 dólares Malawi
59%
1504 dólares Madagascar
54%
656 dólares República centro africana
50%
1529 dólares Comores
46%
1820 dólares Kiribati
27%
784 dólares Republica democrática do congo
21%
1790 dólares Burkina fasso
9%
Nenhum quiz correspondente encontrado
Distribuição das Pontuações
Porcentagem de Pessoas com Cada Pontuação
Percentil de Números Respondidos
Sua Pontuação Histórica
Você não jogou esse quiz